000 00499nam a2200169Ia 4500
005 20250923145906.0
008 008 250917s9999 xx 000 0 eng d
037 _aTextual
040 _aDSWL
_beng
_cDSWL
041 _aeng
_2eng
084 _aY:7:7x4, N90
_qDSWL
245 0 _aSocial implications of development: The Asian experience
_cEd. by M.S. Gore
260 _aAllahabad
_b Publi.
_c1990
300 _axiv,180p.
942 _cTEXL
_hY:7:7x4, N90
999 _c1457011
_d1457011